000
00246nam a22000977a 4500
100
_a
Upadhyay,Vani
_9
79622
245
_a
The Princess & The Goblin
260
_a
Delhi
_b
Swarajya Mandir Prakashan
_c
2016
650
_a
Childran Book
_9
7575
942
_c
BK
999
_c
63262
_d
63262